Sintonización de controladores PI y PID empleando un índice de desempeño de criterio múltiple
Guardado en:
| Hovedforfatter: | |
|---|---|
| Format: | Bog |
| Udgivet: |
[San José, Costa Rica]
2006
|
| Fag: | |
| Tags: |
Tilføj Tag
Ingen Tags, Vær først til at tagge denne postø!
|
MARC
| LEADER | 00000nam a2200000Ia 4500 | ||
|---|---|---|---|
| 003 | 009791 | ||
| 005 | 20221231144118.0 | ||
| 008 | 140114s2006 cr a m 000 ||s d | ||
| 040 | |c cru CEDI | ||
| 090 | |a TFG 5315 | ||
| 100 | |a Arrieta Orozco, Orlando |9 5399 | ||
| 245 | |a Sintonización de controladores PI y PID empleando un índice de desempeño de criterio múltiple | ||
| 260 | |c 2006 |b [San José, Costa Rica] | ||
| 300 | |a xx, 186 hojas : ilustraciones (algunas a color) | ||
| 500 | |a Tesis (licenciatura en ingeniería eléctrica)--Universidad de Costa Rica. Facultad de Ingeniería. Escuela de Ingeniería Eléctrica | ||
| 650 | |x CONTROL AUTOMATICO |x CONTROL REMOTO |x CONTROLADORES PID |x CONTROLADORES LOGICOS PROGRAMABLES |x INVESTIGACIONES |9 5400 | ||
| 942 | |c TFG | ||
| 999 | |c 17077 |d 17077 | ||
